000 00684nam a22001935i 4500
001 167911
003 ES-MaACL
005 20230906213625.0
008 000412s1898 fr a |||| | fre d
100 1 _aWéry, Paul.
_9133974
245 1 0 _aAssainissement des villes et égouts de Paris /
_cpar Paul Wéry.
260 _aParis :
_bCh. Dunod,
_c1898 (
_eTours :
_fDeslis Frères)
300 _aVIII, 663 p. :
_bil. ;
_c19 cm.
490 1 _aBibliothèque du conducteur de travaux publics
650 4 _aSalubridad pública-
_zFrancia.
_9172601
830 1 _aBibliothèque du conducteur de travaux publics
_9180955
852 _aES-MaACL
_jF-2074
_z- Enc. piel
999 _c167911
_d167911